Trouve le Pays Mystère #1 - Statistiques

Statistiques générales
  • Ce quiz a été pris 34 fois
  • Le résultat moyen est 17 sur 27
Statistiques - réponses
Lettres Pays % Correct
CHIIL Chili
100%
ABCU Cuba
100%
EIRSY Syrie
100%
ANRUU Nauru
89%
AAMOS Samoa
89%
AEILMOS Somalie
81%
AAGLNO Angola
70%
BEINRU Brunei
70%
BEEIRS Serbie
70%
AABNOSTW Botswana
67%
AAGNUY Guyana
67%
ADHNORSU Honduras
67%
AEIMNTV Vietnam
67%
ABBEIMWZ Zimbabwe
67%
AEEGINNRT Argentine
63%
ADEILNS Islande
52%
EEGMNNOORT Montenegro
52%
AADEKMNR Danemark
48%
ABEIIMN Namibie
48%
AANTUUV Vanuatu
48%
AABDEGHLNS Bangladesh
44%
ADEEGNR Grenade
44%
ABIIIKRT Kiribati
44%
EIQRTUU Turquie
44%
CEEEHIILNNSTT Liechtenstein
41%
AEILRS Israel
30%
Secret Country SURINAME
30%
Aucun quiz correspondant
Distribution des résultats
% des personnes avec chaque résultat
Percentile par nombre de réponses
Votre historique - résultats
Vous n’avez pas pris ce quiz